European Union Prize for Contemporay Architecture : (Record no. 10591)

000 -LEADER
fixed length control field 00507nam a22001814a 4500
003 - CONTROL NUMBER IDENTIFIER
control field OSt
005 - DATE AND TIME OF LATEST TRANSACTION
control field 20220408155516.0
008 - FIXED-LENGTH DATA ELEMENTS--GENERAL INFORMATION
fixed length control field 100122s2009 sp 000 0 eng
020 ## - INTERNATIONAL STANDARD BOOK NUMBER
International Standard Book Number 9788492861019
035 ## - SYSTEM CONTROL NUMBER
System control number (SP-BaPL)pu100000484
040 ## - CATALOGING SOURCE
Original cataloging agency DLC
Transcribing agency DLC
082 ## - DEWEY DECIMAL CLASSIFICATION NUMBER
Classification number 720
245 00 - TITLE STATEMENT
Title European Union Prize for Contemporay Architecture :
Remainder of title Mies van der Rohe Award 2009.
260 ## - PUBLICATION, DISTRIBUTION, ETC. (IMPRINT)
Place of publication, distribution, etc Barcelona [etc.] :
Name of publisher, distributor, etc Actar Editorial,
Date of publication, distribution, etc c2009.
300 ## - PHYSICAL DESCRIPTION
Extent 303 p. ;
Dimensions 24 cm.
653 ## - INDEX TERM--UNCONTROLLED
Uncontrolled term Arquitectura
942 ## - ADDED ENTRY ELEMENTS (KOHA)
Source of classification or shelving scheme
Holdings
Withdrawn status Lost status Source of classification or shelving scheme Damaged status Koha normalized classification for sorting Not for loan Permanent location Current location Date acquired Source of acquisition Cost, normal purchase price Full call number Barcode Date last seen Cost, replacement price Price effective from Koha item type
        720_000000000000000   BMS College of Architecture, Design and Planning BMS College of Architecture, Design and Planning 2022-04-08 6 2148.51 720 AR-PG523 2022-04-08 3069.30 2022-04-08 PG Books
Copyright © 2025, The Librarian, Library and Information Centre, BMSCA D&P, Bengaluru. All Rights Reserved
web counter

Powered by Koha